000 00298nam a22001217a 4500
020 _a8174091947
082 _222
_a620.106
100 _aJain, A. K.
245 _aFluid mechanics /
260 _aNew Delhi,
_bKhanna Publishers,
_cc2006.
300 _axx, 991 p. ;
_bill. ;
_c23 cm.
942 _2ddc
_cMEC
_09
999 _c295
_d295